| 000 | 00638cam a22002055a 4500 | ||
|---|---|---|---|
| 001 | 012590307 | ||
| 005 | 20180121142659.0 | ||
| 008 | 981102s1992 enka fr f001 0 eng d | ||
| 020 | _a0195107322 | ||
| 040 |
_aStDuBDS _dUk _dEG-ScBUE _beng |
||
| 082 | 0 | 4 |
_a627 _222 _bPRA |
| 100 | 1 |
_aPrasuhn, Alan L., _d1938- |
|
| 245 | 1 | 0 |
_aFundamentals of hydraulic engineering / _cAlan L. Prasuhn. |
| 260 |
_aNew York ; _aOxford : _bOxford University Press, _c1992. |
||
| 300 |
_axi, 509 p. : _bill. ; _c24 cm. |
||
| 500 | _aIndex : p. 503-509. | ||
| 650 | 7 |
_aHydraulic engineering. _2BUEsh _99295 |
|
| 653 |
_bENGGEN _bGGEN _cJanuary2018 |
||
| 942 | _2ddc | ||
| 999 |
_c25979 _d25951 |
||